000
00299nam a22001337a 4500
008
180214b xxu||||| |||| 00| 0 eng d
020
_a
9781893858213
041
_a
eng
080
_a
574
100
_a
12
101
_a
BIO
245
_a
1001 QUSTIONS IN MCAT BIOLOGY
_c
ALEX.M
942
_2
udc
_c
BK
999
_c
42465
_d
42465